000 00541nam a2200157 a 4500
008 120416s1981 ||||||||||||||||| || u
020 _a0131726358
050 _aHG 540 Eck
100 _aEckstein, Otto
245 1 0 _aCore inflation
260 _aNew Jersey:
_bFT Prentice-Hall
_c1981
300 _av, 121p. : ill.
350 _a0.00
650 _aINFLATION (FINANCE)--UNITED STATES
995 _D0.00
_FCBU-MAIN LIBRARY (Kitwe)
_H1
_I23.55
_M1
_UAVAILABLE
_ZAnnex Low-Usage Collection
999 _c38843
_d38843